000 00707nam a2200289Ia 4500
005 20260324143708.0
008 008 260324s9999 xx 000 0 eng d
020 _a9781003066798
037 _aEBOOK
040 _aCRL
040 _beng
040 _cCRL
041 _2eng
041 _aeng
084 _qCRL
100 _aMartin Fox; Robert E. Odeh
_91216588
245 0 _aSample Size Choice
245 0 _bCharts for Experiments with Linear Models, Second Edition
260 _bTaylor and Francis
260 _c1991
365 _a
365 _b400
856 _uhttp://www.taylorfrancis.com/books/9781003066798
942 _cEBOOK
999 _c1822292
_d1822292